Ч. 1: Статика. Кинематика; Курс теоретической механики

Dades bibliogràfiques
Parent link:Курс теоретической механики: учебник для вузов/ А. А. Яблонский, В. М. Никифорова. Ч. 1: Статика. Кинематика.— 6-е изд., испр..— , 1984-
Idioma:rus
Publicat: 1984
Matèries:
Format: Llibre
KOHA link:https://koha.lib.tpu.ru/cgi-bin/koha/opac-detail.pl?biblionumber=41508

MARC

LEADER 00000nam2a2200000 4500
001 41508
005 20231101210706.0
035 |a (RuTPU)RU\TPU\book\42634 
090 |a 41508 
100 |a 20020621d1984 m y0rusy50 ca 
101 0 |a rus 
102 |a RU 
105 |a a j 001zy 
200 0 |a Ч. 1: Статика. Кинематика 
210 |d 1984 
215 |a 343 с.  |c ил. 
320 |a Библиогр.: с. 334. 
320 |a Имен. и предм. указ.: с. 335-338. 
461 1 |0 (RuTPU)RU\TPU\book\42617  |t Курс теоретической механики  |o учебник для вузов  |f А. А. Яблонский, В. М. Никифорова  |v Ч. 1: Статика. Кинематика  |e 6-е изд., испр.  |d 1984- 
606 |a Механика теоретическая  |2 stltpush  |3 (RuTPU)RU\TPU\subj\59441  |9 76991 
610 1 |a физика 
610 1 |a статика 
610 1 |a кинематика 
610 1 |a учебники 
675 |a 531(075.8)  |v 3 
801 1 |a RU  |b 63413507  |c 20020621  |g PSBO 
801 2 |a RU  |b 63413507  |c 20201118  |g PSBO 
942 |c BK